000 00488nam a22001697a 4500
999 _c62256
_d62256
005 20240906114509.0
008 240906c2004 enk||||| |||| 00| 0 eng d
022 _a0017 8322
041 _aeng
245 _aHastings Law Journal :
_b2004 /
_cEditor J.R. Coleman.
260 _aCalifornia,
_c2004.
300 _aV.
653 _a სამართალი
653 _aპერიოდიკა
700 _aColeman, J.R.
_eრედაქტორი
_923170
942 _2udc
_cCR